Statistics for ミニストップが10店舗以上の市区町村

Click here to take the quiz!

General Stats

  • This quiz has been taken 85 times
  • The average score is 29 of 43

Answer Stats

店舗数Answer% Correct
23大阪市
100%
42横浜市
98%
52名古屋市
97%
23川崎市
94%
35千葉市
94%
23福岡市
94%
24さいたま市
92%
12京都市
91%
34仙台市
88%
15船橋市
83%
13新宿区
82%
11相模原市
82%
17静岡市
80%
19浜松市
80%
11渋谷区
79%
12大田区
76%
11千代田区
74%
12江戸川区
74%
11江東区
73%
10松戸市
71%
11豊橋市
71%
16岡崎市
71%
10豊島区
70%
16前橋市
68%
10葛飾区
68%
11岐阜市
67%
12杉並区
65%
12水戸市
65%
14津市
64%
12台東区
64%
13四日市市
62%
15豊田市
62%
10郡山市
58%
12福島市
58%
11いわき市
53%
10横須賀市
53%
11市原市
42%
19富士市
39%
15高松市
38%
10松阪市
35%
10安城市
32%
10調布市
24%
15八戸市
15%

Score Distribution

Percentile by Number Answered

Percent of People with Each Score

Your Score History

You have not taken this quiz